000 00379nam a2200133Ia 4500
005 20260326100034.0
008 260326s9999||||xx |||||||||||||| ||und||
100 _aGioja, Rolando I.
245 0 _aEl Arquitecto y las ciencias Sociales en el rol Profesional y Formativo /
_cRolando I. Gioja
260 _bEUDEBA
300 _a241 p.
650 _aARQUITECTURA-GENERAL
942 _cBK
999 _c6733
_d6733